مكتبة جامعة عجلون الوطنية

فهرس بحث المكتبة

Normal view MARC view
  • صندوق الحسين للابداع

Entry Personal Name

Number of records used in: 1

001 - CONTROL NUMBER

  • control field: 40806

003 - CONTROL NUMBER IDENTIFIER

  • control field: JO-AjAnu

005 - DATE AND TIME OF LATEST TRANSACTION

  • control field: 20230606080759.0

008 - FIXED-LENGTH DATA ELEMENTS

  • fixed length control field: 230606|| aca||aabn | a|a d

040 ## - CATALOGING SOURCE

  • Original cataloging agency: JO-AjAnu
  • Transcribing agency: JO-AjAnu

100 ## - HEADING--PERSONAL NAME

  • Personal name: صندوق الحسين للابداع

670 ## - SOURCE DATA FOUND

  • Source citation: Work cat.: (JO-AjAnu)20915: صندوق الحسين للابداع, author, تقرير شامل: تقارير مراجعة مجموعة من البرامج الاقتصادية للجامعات الأردنية